<?xml version="1.0" encoding="UTF-8"?><?xml-stylesheet type="text/xsl" href="static/style.xsl"?><OAI-PMH xmlns="http://www.openarchives.org/OAI/2.0/" xmlns:xsi="http://www.w3.org/2001/XMLSchema-instance" xsi:schemaLocation="http://www.openarchives.org/OAI/2.0/ http://www.openarchives.org/OAI/2.0/OAI-PMH.xsd"><responseDate>2026-06-03T08:19:16Z</responseDate><request verb="GetRecord" identifier="oai:riuma.uma.es:10630/3453" metadataPrefix="marc">https://riuma.uma.es/rest/oai/request</request><GetRecord><record><header><identifier>oai:riuma.uma.es:10630/3453</identifier><datestamp>2026-02-03T12:49:39Z</datestamp><setSpec>com_10630_27</setSpec><setSpec>com_10630_3139</setSpec><setSpec>com_10630_10</setSpec><setSpec>col_10630_570</setSpec></header><metadata><record xmlns="http://www.loc.gov/MARC21/slim" xmlns:dcterms="http://purl.org/dc/terms/" xmlns:doc="http://www.lyncode.com/xoai" xmlns:xsi="http://www.w3.org/2001/XMLSchema-instance" xsi:schemaLocation="http://www.loc.gov/MARC21/slim http://www.loc.gov/standards/marcxml/schema/MARC21slim.xsd">
   <leader>00925njm 22002777a 4500</leader>
   <datafield ind2=" " ind1=" " tag="042">
      <subfield code="a">dc</subfield>
   </datafield>
   <datafield ind2=" " ind1=" " tag="720">
      <subfield code="a">Navas Fernández, Patricia</subfield>
      <subfield code="e">author</subfield>
   </datafield>
   <datafield ind2=" " ind1=" " tag="720">
      <subfield code="a">Gil, Yolanda</subfield>
      <subfield code="e">author</subfield>
   </datafield>
   <datafield ind2=" " ind1=" " tag="720">
      <subfield code="a">Navas, David</subfield>
      <subfield code="e">author</subfield>
   </datafield>
   <datafield ind2=" " ind1=" " tag="720">
      <subfield code="a">Pérez-Latorre, Andrés Vicente</subfield>
      <subfield code="e">author</subfield>
   </datafield>
   <datafield ind2=" " ind1=" " tag="720">
      <subfield code="a">Cabezudo-Artero, Baltasar</subfield>
      <subfield code="e">author</subfield>
   </datafield>
   <datafield ind2=" " ind1=" " tag="260">
      <subfield code="c">1998</subfield>
   </datafield>
   <datafield ind2=" " ind1=" " tag="520">
      <subfield code="a">Datos sobre la flora y vegetación de la Serranía de Ronda (Málaga, España). Se ha realizado un estudio de la flora y vegetación del Parque Natural de la Sierra de las Nieves (Málaga, España). Como resultado se han catalogado 1400 táxones, de los que en este trabajo destacamos 36, por ser especies protegidas, primeras citas y endémicas de la zona. Se propone una nueva combinación: Ulex baeticus subsp. bourgaeanus. Se han inventariado un total de 78 asociaciones y comunidades. Se describen como nuevos sintáxones una alianza (Pino pinastri-Juniperion phoeniceae), 12 asociaciones, 9 subasociaciones y 1 combinación nueva.Se reconocen 6 series climatófilas de las que dos son de alcornocales (Quercus suber), una de encinares (Quercus rotundifolia), una de robledales (Quercus pyrenaica), una de quejigales (Quercus alpestris) y una de sabinares-enebrales (Juniperus sabina). Otras 5 series son edafoxerófilas de las que dos corresponden a pinsapares (Abies pinsapo), dos a sabinares (Juniperus phoenicea) y una a pinares (Pinus pinaster). Además reconocemos 5 series edafohigrófilas: 1 de fresnedas (Fraxinus angustifolia), dos de saucedas (Salix pedicellata) y 2 de adelfares (Nerium oleander). Se presenta como resultado final el esquema sintaxonómico completo del Parque.</subfield>
   </datafield>
   <datafield ind1="8" ind2=" " tag="024">
      <subfield code="a">Acta Botánica Malacitana, Nº 23&#xd;
, 1998, Págs. 149&#xd;
-191</subfield>
   </datafield>
   <datafield ind1="8" ind2=" " tag="024">
      <subfield code="a">02109506</subfield>
   </datafield>
   <datafield ind1="8" ind2=" " tag="024">
      <subfield code="a">http://hdl.handle.net/10630/3453</subfield>
   </datafield>
   <datafield ind2="0" ind1="0" tag="245">
      <subfield code="a">Datos sobre la flora y vegetación de la Serranía de Ronda (Málaga, España)</subfield>
   </datafield>
</record>
</metadata></record></GetRecord></OAI-PMH>